000 00303nam a22001337a 4500
020 _a0-14-032671-5
082 _a823
_bDAH/F
100 _aROALD DAHL
245 _aFANTASTIC MR.FOX
260 _aUNITED KINGDOM
_bPUFFIN BOOKS
300 _a90
650 _aCHILDREN'S STORY BOOK
_zUNITED KINGDOM
942 _cBK
999 _c42
_d42